The fanatick feast : A pleasant comedy. As it was acted at a wedding-dinner in Gr------.

Bibliographic Details
Format: eBook
Language:English
Series:Eighteenth century collections online.
Online Access:Full text online

MARC

Tag First Indicator Second Indicator Subfields
LEADER 00000cam a2200000 4500
001 in00001926621
006 m | d |
007 cr |n||||||||n
008 840613s1710 enk|||| s 00| ||eng d
005 20260414191357.4
035 |a (CStRLIN)ESTCN9692 
040 |a Cu-RivES  |c Cu-RivES  |d CStRLIN  |d Thomson Gale  |d UtOrBLW 
245 0 4 |a The fanatick feast :  |b A pleasant comedy. As it was acted at a wedding-dinner in Gr------. 
264 3 |a London :  |b printed; and sold by J. Morphew,  |c 1710. 
300 |a 31, 1 unnumbered page ;  |c 8⁰. 
336 |a text  |b txt  |2 rdacontent 
337 |a computer  |b c  |2 rdamedia 
338 |a online resource  |b cr  |2 rdacarrier 
500 |a A satire on dissenters. 
500 |a Reproduction of original from the Harvard University Houghton Library. 
510 4 |a English Short Title Catalog,  |c ESTCN9692. 
533 |a Electronic reproduction.  |b Farmington Hills, Mich. :  |c Thomson Gale,  |d 2003.  |n Available via the World Wide Web.  |n Access limited by licensing agreements  |7 s2003 miunns 
500 |a Electronic resource. 
830 0 |a Eighteenth century collections online. 
856 4 0 |u http://proxy.library.tamu.edu/login?url=https://galenet.galegroup.com/servlet/ECCO?c=1&stp=Author&ste=11&af=BN&ae=N009692&tiPG=1&dd=0&dc=flc&docNum=CW110726552&vrsn=1.0&srchtp=a&d4=0.33&n=10&SU=0LRK&locID=txshracd2898  |z Full text online  |t 0 
999 |a MARS 
999 f f |s 3cc9f246-3582-36f5-a36c-5218e4896ecf  |i b4478443-d794-3b32-a18c-22b9d6fd0367  |t 0 
952 f f |a Texas A&M University  |b College Station  |c Electronic Resources  |s www_evans  |d Available Online  |t 0  |h No information provided 
998 f f |t 0  |l Available Online